5HLuxD.jpg

KING HENRY VIII SENIOR AND PRIMARY SCHOOL LIBRARY OPAC

The lovely bones : (Record no. 1169)

000 -LEADER
fixed length control field 00713nam a2200265 a 4500
001 - CONTROL NUMBER
control field 015689427
003 - CONTROL NUMBER IDENTIFIER
control field UkOxU
005 - DATE AND TIME OF LATEST TRANSACTION
control field 20220804155954.0
008 - FIXED-LENGTH DATA ELEMENTS--GENERAL INFORMATION
fixed length control field 030116r20032002enk 000 1 eng d
015 ## - NATIONAL BIBLIOGRAPHY NUMBER
National bibliography number GB A3-Y1553
020 ## - INTERNATIONAL STANDARD BOOK NUMBER
International Standard Book Number 0330485385 (pbk.)
020 ## - INTERNATIONAL STANDARD BOOK NUMBER
International Standard Book Number 9780330485388
035 ## - SYSTEM CONTROL NUMBER
System control number BNB2736.1074
040 ## - CATALOGING SOURCE
Original cataloging agency BDS
Transcribing agency KH8
082 ## - DEWEY DECIMAL CLASSIFICATION NUMBER
Classification number FIC SEB
100 1# - MAIN ENTRY--PERSONAL NAME
Personal name Sebold, Alice.
Relator term Author
245 14 - TITLE STATEMENT
Title The lovely bones :
Remainder of title a novel /
Statement of responsibility, etc. Alice Sebold
260 ## - PUBLICATION, DISTRIBUTION, ETC.
Place of publication, distribution, etc. London :
Name of publisher, distributor, etc. Picador,
Date of publication, distribution, etc. 2003.
300 ## - PHYSICAL DESCRIPTION
Extent 328 p. ;
Dimensions 20 cm
500 ## - GENERAL NOTE
General note Originally published: New York : Little Brown, 2002
650 #0 - SUBJECT ADDED ENTRY--TOPICAL TERM
Topical term or geographic name entry element Bereavement
Form subdivision Fiction.
650 #0 - SUBJECT ADDED ENTRY--TOPICAL TERM
Topical term or geographic name entry element Dead
Form subdivision Fiction.
650 #0 - SUBJECT ADDED ENTRY--TOPICAL TERM
Topical term or geographic name entry element Murder
Form subdivision Fiction.
942 ## - ADDED ENTRY ELEMENTS (KOHA)
Source of classification or shelving scheme
Koha item type Books - Fiction
Holdings
Withdrawn status Lost status Source of classification or shelving scheme Damaged status Not for loan Collection code Permanent Location Current Location Shelving location Date acquired Full call number Barcode Date last seen Price effective from Koha item type
          Fiction KH8 Senior School Library KH8 Senior School Library Young Adult 2022-08-04 FIC SEB 3KHSL000101890 2022-08-04 2022-08-04 Books - Fiction

Powered By KH8 IT Dept